000 01750cam a22002054a 4500
005 20250605163954.0
008 250528s ||||||||||||||||||||||||d
035 _a15422
020 _a829902287
040 _aGR-AtMCL
_bgre
_dGR-AtMCL
_eAACR2
245 1 _aSystems Analysis for Computer-Based Information Systems
260 _bWest Publishing Company,
_c1979
300 _a314
505 0 _aPreface, Conceptual Foundations, Overview of Systems Development, Concept of Systems, Concepts of Information, Concepts of Information and Organizations, Concepts of Data Processing, The Processes and Techniques of Systems Analysis, Systems Analysis, Systems Design for Information, Systems Design and Selection of Technology and Personnel, Systems Development and Implementation and Evaluation, Systems Administration, Advanced Systems Analysis, Management Information Systems and Database Management Systems, Management Information Systems and Decision-Support Systems, Future Considerations of System Analysis, Index.
520 _aPreface, Conceptual Foundations, Overview of Systems Development, Concept of Systems, Concepts of Information, Concepts of Information and Organizations, Concepts of Data Processing, The Processes and Techniques of Systems Analysis, Systems Analysis, Systems Design for Information, Systems Design and Selection of Technology and Personnel, Systems Development and Implementation and Evaluation, Systems Administration, Advanced Systems Analysis, Management Information Systems and Database Management Systems, Management Information Systems and Decision-Support Systems, Future Considerations of System Analysis, Index.
700 1 _aWetherbe James C
_91347
942 _cBK
999 _c1004
_d1004